[Event "Villarobledo Online Qualifyer"]
[Site "playchess.com #155672"]
[Date "2009.05.23"]
[Round "9"]
[White "The bluff"]
[Black "Us6"]
[Result "1/2-1/2"]
[WhiteElo "2254"]
[BlackElo "2606"]
[PlyCount "232"]
[EventDate "2009.05.23"]
[EventType "swiss (blitz)"]

1. e4 {[%emt 0:00:01]} Nf6 {[%emt 0:00:03] The bluff propose la nulle} 2. e5 {
[%emt 0:00:02]} Nd5 {[%emt 0:00:01]} 3. d4 {[%emt 0:00:01]} d6 {[%emt 0:00:01]}
4. c4 {[%emt 0:00:01]} Nb6 {[%emt 0:00:01]} 5. f4 {[%emt 0:00:00]} dxe5 {[%emt
0:00:01]} 6. fxe5 {[%emt 0:00:00]} Nc6 {[%emt 0:00:01]} 7. Be3 {[%emt 0:00:01]}
Bf5 {[%emt 0:00:01]} 8. Nc3 {[%emt 0:00:01]} e6 {[%emt 0:00:01]} 9. Be2 {[%emt
0:00:00]} Be7 {[%emt 0:00:06]} 10. Nf3 {[%emt 0:00:01]} f6 {[%emt 0:00:02]} 11.
exf6 {[%emt 0:00:09]} Bxf6 {[%emt 0:00:01]} 12. Qd2 {[%emt 0:00:03]} O-O {
[%emt 0:00:12]} 13. O-O {[%emt 0:00:04]} Qe7 {[%emt 0:00:03]} 14. d5 {[%emt 0:
00:37]} exd5 {[%emt 0:00:07]} 15. Nxd5 {[%emt 0:00:02]} Nxd5 {[%emt 0:00:13]}
16. cxd5 {[%emt 0:00:05]} Ne5 {[%emt 0:00:02]} 17. Nxe5 {[%emt 0:00:03]} Bxe5 {
[%emt 0:00:03]} 18. Bc4 {[%emt 0:00:11]} Qh4 {[%emt 0:00:12]} 19. Bf4 {[%emt 0:
00:05]} Bd6 {[%emt 0:00:09]} 20. Bxd6 {[%emt 0:00:53]} cxd6 {[%emt 0:00:00]}
21. Bb3 {[%emt 0:00:03]} Rae8 {[%emt 0:00:10]} 22. Rf4 {[%emt 0:00:09]} Qe7 {
[%emt 0:00:07]} 23. Raf1 {[%emt 0:00:02]} Bg6 {[%emt 0:00:03]} 24. Rxf8+ {
[%emt 0:00:03]} Rxf8 {[%emt 0:00:00]} 25. Rxf8+ {[%emt 0:00:02]} Qxf8 {[%emt 0:
00:03]} 26. Qf2 {[%emt 0:00:01]} Qxf2+ {[%emt 0:00:14]} 27. Kxf2 {[%emt 0:00:
01]} Kf7 {[%emt 0:00:00]} 28. Ke3 {[%emt 0:00:01]} Kf6 {[%emt 0:00:01]} 29. Kf4
{[%emt 0:00:01]} Bb1 {[%emt 0:00:04]} 30. h4 {[%emt 0:00:04]} h6 {[%emt 0:00:
04]} 31. h5 {[%emt 0:00:02]} Bd3 {[%emt 0:00:03]} 32. g4 {[%emt 0:00:04]} b6 {
[%emt 0:00:03]} 33. a3 {[%emt 0:00:01]} Be2 {[%emt 0:00:01]} 34. Ba4 {[%emt 0:
00:03]} Bc4 {[%emt 0:00:02]} 35. Bc6 {[%emt 0:00:03]} Bd3 {[%emt 0:00:01] The
bluff propose la nulle} 36. Bd7 {[%emt 0:00:05]} Be2 {[%emt 0:00:07]} 37. Bc6 {
[%emt 0:00:03]} Bf1 {[%emt 0:00:01]} 38. Bd7 {[%emt 0:00:02]} Ba6 {[%emt 0:00:
02]} 39. Bc6 {[%emt 0:00:01]} g5+ {[%emt 0:00:05]} 40. hxg6 {[%emt 0:00:07]}
Kxg6 {[%emt 0:00:01]} 41. Bd7 {[%emt 0:00:02]} Kf6 {[%emt 0:00:01]} 42. b4 {
[%emt 0:00:06]} Bd3 {[%emt 0:00:02]} 43. Bc8 {[%emt 0:00:03]} Bg6 {[%emt 0:00:
02]} 44. Bd7 {[%emt 0:00:04]} Bf7 {[%emt 0:00:01]} 45. Bc6 {[%emt 0:00:01]} Bg6
{[%emt 0:00:01]} 46. Bd7 {[%emt 0:00:01]} Ke7 {[%emt 0:00:01]} 47. Bc6 {[%emt
0:00:01]} Kd8 {[%emt 0:00:01]} 48. g5 {[%emt 0:00:04]} hxg5+ {[%emt 0:00:01]}
49. Kxg5 {[%emt 0:00:01]} Bc2 {[%emt 0:00:02]} 50. Kf6 {[%emt 0:00:00]} Kc7 {
[%emt 0:00:01]} 51. Ke6 {[%emt 0:00:01]} Bd3 {[%emt 0:00:01]} 52. Ke7 {[%emt 0:
00:04]} Bf1 {[%emt 0:00:01]} 53. Ke6 {[%emt 0:00:01]} Bh3+ {[%emt 0:00:01]} 54.
Ke7 {[%emt 0:00:01]} Bc8 {[%emt 0:00:01]} 55. Bb5 {[%emt 0:00:11] The bluff
propose la nulle} Bb7 {[%emt 0:00:07]} 56. Bc4 {[%emt 0:00:03]} Bc8 {[%emt 0:
00:02]} 57. Bb5 {[%emt 0:00:01]} Bf5 {[%emt 0:00:01]} 58. Bc6 {[%emt 0:00:01]}
Bd3 {[%emt 0:00:01]} 59. Ke6 {[%emt 0:00:01]} Bc4 {[%emt 0:00:01]} 60. Ke7 {
[%emt 0:00:02]} a5 {[%emt 0:00:01]} 61. Ke6 {[%emt 0:00:05]} Bb3 {[%emt 0:00:
02]} 62. Ke7 {[%emt 0:00:01]} Bc2 {[%emt 0:00:01]} 63. Ke6 {[%emt 0:00:01]} Bd1
{[%emt 0:00:01]} 64. Ke7 {[%emt 0:00:01]} Bg4 {[%emt 0:00:01]} 65. Bb5 {[%emt
0:00:05]} Bf5 {[%emt 0:00:01]} 66. Bc6 {[%emt 0:00:01]} Bh7 {[%emt 0:00:01]}
67. Bb5 {[%emt 0:00:01]} Bg8 {[%emt 0:00:01]} 68. Bc6 {[%emt 0:00:01]} Bh7 {
[%emt 0:00:01]} 69. Ke6 {[%emt 0:00:01]} Bg6 {[%emt 0:00:01]} 70. Ke7 {[%emt 0:
00:01]} axb4 {[%emt 0:00:01]} 71. axb4 {[%emt 0:00:01]} Bh5 {[%emt 0:00:00]}
72. Ke6 {[%emt 0:00:02]} Bg4+ {[%emt 0:00:01] The bluff propose la nulle} 73.
Ke7 {[%emt 0:00:02]} Bc8 {[%emt 0:00:01]} 74. Bb5 {[%emt 0:00:11]} Bb7 {[%emt
0:00:02]} 75. Bc4 {[%emt 0:00:01]} b5 {[%emt 0:00:02]} 76. Bxb5 {[%emt 0:00:07]
} Bxd5 {[%emt 0:00:01]} 77. Bd3 {[%emt 0:00:02]} Bb3 {[%emt 0:00:02]} 78. Kf6 {
[%emt 0:00:02]} Kc6 {[%emt 0:00:01]} 79. Kf5 {[%emt 0:00:02]} Kd5 {[%emt 0:00:
02]} 80. b5 {[%emt 0:00:19]} Kc5 {[%emt 0:00:02]} 81. Ke4 {[%emt 0:00:15]} Bd5+
{[%emt 0:00:03]} 82. Ke3 {[%emt 0:00:02]} Be6 {[%emt 0:00:02]} 83. Ke4 {[%emt
0:00:02]} Bd7 {[%emt 0:00:01]} 84. Be2 {[%emt 0:00:03]} Bc8 {[%emt 0:00:03]}
85. Bd3 {[%emt 0:00:02]} Bb7+ {[%emt 0:00:01]} 86. Ke3 {[%emt 0:00:02]} Bc8 {
[%emt 0:00:02] The bluff propose la nulle} 87. Ke4 {[%emt 0:00:02]} Bb7+ {
[%emt 0:00:01]} 88. Ke3 {[%emt 0:00:01]} d5 {[%emt 0:00:06]} 89. Be2 {[%emt 0:
00:04]} Bc8 {[%emt 0:00:03]} 90. Bd3 {[%emt 0:00:01]} Bd7 {[%emt 0:00:01]} 91.
Be2 {[%emt 0:00:01]} Bf5 {[%emt 0:00:02]} 92. Bf1 {[%emt 0:00:02]} d4+ {[%emt
0:00:01]} 93. Kd2 {[%emt 0:00:02]} Bd7 {[%emt 0:00:01]} 94. Be2 {[%emt 0:00:07]
} Bc8 {[%emt 0:00:05]} 95. Bf1 {[%emt 0:00:02]} Bb7 {[%emt 0:00:01]} 96. Bd3 {
[%emt 0:00:01]} Bc8 {[%emt 0:00:02]} 97. Be2 {[%emt 0:00:01]} Be6 {[%emt 0:00:
01] The bluff propose la nulle} 98. Bd3 {[%emt 0:00:01]} Bf7 {[%emt 0:00:01]}
99. Be2 {[%emt 0:00:01]} Be8 {[%emt 0:00:00]} 100. Bd3 {[%emt 0:00:01]} Bxb5 {
[%emt 0:00:01]} 101. Bxb5 {[%emt 0:00:01]} Kxb5 {[%emt 0:00:00]} 102. Kd3 {
[%emt 0:00:05]} Kc5 {[%emt 0:00:01]} 103. Kd2 {[%emt 0:00:01]} Kc4 {[%emt 0:00:
01]} 104. Kc2 {[%emt 0:00:01]} Kd5 {[%emt 0:00:01]} 105. Kd3 {[%emt 0:00:01]}
Ke5 {[%emt 0:00:01]} 106. Kd2 {[%emt 0:00:03]} Ke4 {[%emt 0:00:00]} 107. Ke2 {
[%emt 0:00:01]} d3+ {[%emt 0:00:00]} 108. Kd2 {[%emt 0:00:02]} Kd4 {[%emt 0:00:
00]} 109. Kd1 {[%emt 0:00:01]} Kc3 {[%emt 0:00:00]} 110. Kc1 {[%emt 0:00:01]}
Kc4 {[%emt 0:00:00]} 111. Kd2 {[%emt 0:00:03]} Kd4 {[%emt 0:00:00]} 112. Kd1 {
[%emt 0:00:01]} Kc5 {[%emt 0:00:01]} 113. Kd2 {[%emt 0:00:02]} Kc4 {[%emt 0:00:
00]} 114. Kd1 {[%emt 0:00:01] The bluff propose la nulle} Kc3 {[%emt 0:00:02]}
115. Kc1 {[%emt 0:00:01]} d2+ {[%emt 0:00:00]} 116. Kd1 {[%emt 0:00:01]} Kd3 {
[%emt 0:00:00]} 1/2-1/2

[Event "Villarobledo Online Qualifyer"]
[Site "playchess.com #155672"]
[Date "2009.05.23"]
[Round "10"]
[White "Iluminao"]
[Black "Altruder"]
[Result "1-0"]
[WhiteElo "2325"]
[BlackElo "1710"]
[PlyCount "33"]
[EventDate "2009.05.23"]
[EventType "swiss (blitz)"]

1. d4 {[%emt 0:00:01]} Nf6 {[%emt 0:00:02]} 2. c4 {[%emt 0:00:01]} e6 {[%emt 0:
00:01]} 3. Nc3 {[%emt 0:00:01]} Bb4 {[%emt 0:00:01]} 4. Bd2 {[%emt 0:00:01]} d5
{[%emt 0:00:02]} 5. e3 {[%emt 0:00:01]} O-O {[%emt 0:00:02]} 6. Bd3 {[%emt 0:
00:01]} c5 {[%emt 0:00:01]} 7. Nge2 {[%emt 0:00:01]} Nc6 {[%emt 0:00:01]} 8.
O-O {[%emt 0:00:02]} a6 {[%emt 0:00:06]} 9. a3 {[%emt 0:00:01]} cxd4 {[%emt 0:
00:02]} 10. exd4 {[%emt 0:00:03]} Be7 {[%emt 0:00:03]} 11. c5 {[%emt 0:00:02]}
b6 {[%emt 0:00:02]} 12. b4 {[%emt 0:00:02]} a5 {[%emt 0:00:01]} 13. b5 {[%emt
0:00:02]} Nb8 {[%emt 0:00:03]} 14. c6 {[%emt 0:00:01]} Qd6 {[%emt 0:00:12]} 15.
Bf4 {[%emt 0:00:09]} e5 {[%emt 0:00:09]} 16. dxe5 {[%emt 0:00:06]} Qc7 {[%emt
0:00:05]} 17. exf6 {[%emt 0:00:01] Altruder Terk} 1-0

[Event "Villarobledo Online Qualifyer"]
[Site "playchess.com #155672"]
[Date "2009.05.23"]
[Round "10"]
[White "Lacryma"]
[Black "Chofis"]
[Result "0-1"]
[WhiteElo "1810"]
[BlackElo "1621"]
[PlyCount "54"]
[EventDate "2009.05.23"]
[EventType "swiss (blitz)"]

1. e4 {[%emt 0:00:01]} e5 {[%emt 0:00:02]} 2. Bc4 {[%emt 0:00:07]} Nf6 {[%emt
0:00:02]} 3. d3 {[%emt 0:00:01]} Nc6 {[%emt 0:00:02]} 4. Nc3 {[%emt 0:00:01]}
Bb4 {[%emt 0:00:01]} 5. Nf3 {[%emt 0:00:02]} h6 {[%emt 0:00:01]} 6. O-O {[%emt
0:00:05]} d6 {[%emt 0:00:01]} 7. Nd5 {[%emt 0:00:02]} Nxd5 {[%emt 0:00:02]} 8.
Bxd5 {[%emt 0:00:01]} O-O {[%emt 0:00:04]} 9. c3 {[%emt 0:00:01]} Bc5 {[%emt 0:
00:02]} 10. b4 {[%emt 0:00:02]} Bb6 {[%emt 0:00:02]} 11. a4 {[%emt 0:00:01]} a6
{[%emt 0:00:02]} 12. a5 {[%emt 0:00:02]} Ba7 {[%emt 0:00:01]} 13. Be3 {[%emt 0:
00:06]} Ne7 {[%emt 0:00:02]} 14. Bb3 {[%emt 0:00:05]} Bb8 {[%emt 0:00:02]} 15.
d4 {[%emt 0:00:07]} Bg4 {[%emt 0:00:04]} 16. h3 {[%emt 0:00:02]} exd4 {[%emt 0:
00:01]} 17. cxd4 {[%emt 0:00:02]} Be6 {[%emt 0:00:01]} 18. Bxe6 {[%emt 0:00:17]
} fxe6 {[%emt 0:00:02]} 19. Qb3 {[%emt 0:00:02]} d5 {[%emt 0:00:01]} 20. e5 {
[%emt 0:00:05]} c6 {[%emt 0:00:02]} 21. Ne1 {[%emt 0:00:05]} Nf5 {[%emt 0:00:
03]} 22. Nd3 {[%emt 0:00:04]} Qh4 {[%emt 0:00:02]} 23. Nc5 {[%emt 0:00:06]} Re8
{[%emt 0:00:05]} 24. Nxb7 {[%emt 0:00:07]} Nxd4 {[%emt 0:00:02]} 25. Bxd4 {
[%emt 0:00:04]} Qxd4 {[%emt 0:00:03]} 26. Nc5 {[%emt 0:00:04]} Qxe5 {[%emt 0:
00:03]} 27. Rae1 {[%emt 0:00:03]} Qh2# {[%emt 0:00:02]} 0-1

[Event "Villarobledo Online Qualifyer"]
[Site "playchess.com #155672"]
[Date "2009.05.23"]
[Round "10"]
[White "Master--Sim"]
[Black "BigBee"]
[Result "1-0"]
[WhiteElo "2023"]
[BlackElo "1788"]
[PlyCount "55"]
[EventDate "2009.05.23"]
[EventType "swiss (blitz)"]

1. d4 {[%emt 0:00:03]} Nf6 {[%emt 0:00:02]} 2. Nf3 {[%emt 0:00:01]} d5 {[%emt
0:00:02]} 3. Bf4 {[%emt 0:00:01]} c6 {[%emt 0:00:01]} 4. e3 {[%emt 0:00:01]}
Bf5 {[%emt 0:00:01]} 5. Bd3 {[%emt 0:00:03]} Bxd3 {[%emt 0:00:01]} 6. Qxd3 {
[%emt 0:00:00]} e6 {[%emt 0:00:01]} 7. Nbd2 {[%emt 0:00:02]} Bd6 {[%emt 0:00:
03]} 8. Bg3 {[%emt 0:00:03]} Qc7 {[%emt 0:00:03]} 9. O-O-O {[%emt 0:00:02]}
Nbd7 {[%emt 0:00:02]} 10. e4 {[%emt 0:00:02]} Nxe4 {[%emt 0:00:02]} 11. Nxe4 {
[%emt 0:00:00]} dxe4 {[%emt 0:00:01]} 12. Qxe4 {[%emt 0:00:01]} Nf6 {[%emt 0:
00:01]} 13. Qe2 {[%emt 0:00:03]} O-O {[%emt 0:00:04]} 14. Ne5 {[%emt 0:00:02]}
b5 {[%emt 0:00:08]} 15. f4 {[%emt 0:00:03]} a5 {[%emt 0:00:03]} 16. h4 {[%emt
0:00:03]} Nh5 {[%emt 0:00:04]} 17. Qxh5 {[%emt 0:00:03]} a4 {[%emt 0:00:04]}
18. Qg4 {[%emt 0:00:02]} a3 {[%emt 0:00:03]} 19. b3 {[%emt 0:00:01]} c5 {[%emt
0:00:03]} 20. d5 {[%emt 0:00:04]} exd5 {[%emt 0:00:06]} 21. Rxd5 {[%emt 0:00:
01]} c4 {[%emt 0:00:01]} 22. Kb1 {[%emt 0:00:11]} cxb3 {[%emt 0:00:01]} 23.
cxb3 {[%emt 0:00:01]} Qc3 {[%emt 0:00:05]} 24. Qe2 {[%emt 0:00:06]} Bxe5 {
[%emt 0:00:08]} 25. fxe5 {[%emt 0:00:03]} Rad8 {[%emt 0:00:09]} 26. Rxd8 {
[%emt 0:00:04]} Rxd8 {[%emt 0:00:02]} 27. Bf4 {[%emt 0:00:03]} Rd4 {[%emt 0:00:
07]} 28. Rc1 {[%emt 0:00:06] BigBee gibt auf} 1-0

[Event "Villarobledo Online Qualifyer"]
[Site "playchess.com #155672"]
[Date "2009.05.23"]
[Round "10"]
[White "Jebe"]
[Black "Sophie_Neveu"]
[Result "1-0"]
[WhiteElo "1982"]
[BlackElo "2144"]
[PlyCount "55"]
[EventDate "2009.05.23"]
[EventType "swiss (blitz)"]

1. d4 {[%emt 0:00:03]} d5 {[%emt 0:00:03]} 2. Nf3 {[%emt 0:00:01]} Nf6 {[%emt
0:00:01]} 3. c4 {[%emt 0:00:00]} c6 {[%emt 0:00:01]} 4. Nc3 {[%emt 0:00:01]} a6
{[%emt 0:00:00]} 5. cxd5 {[%emt 0:00:01]} cxd5 {[%emt 0:00:01]} 6. Bg5 {[%emt
0:00:01]} Ne4 {[%emt 0:00:03]} 7. Bf4 {[%emt 0:00:03]} Nxc3 {[%emt 0:00:06]} 8.
bxc3 {[%emt 0:00:01]} Nc6 {[%emt 0:00:01]} 9. e3 {[%emt 0:00:04]} Bf5 {[%emt 0:
00:01]} 10. Bd3 {[%emt 0:00:01]} Bxd3 {[%emt 0:00:01]} 11. Qxd3 {[%emt 0:00:00]
} e6 {[%emt 0:00:01]} 12. O-O {[%emt 0:00:03]} Na5 {[%emt 0:00:01]} 13. Be5 {
[%emt 0:00:09]} f6 {[%emt 0:00:06]} 14. Bg3 {[%emt 0:00:04]} Be7 {[%emt 0:00:
03]} 15. e4 {[%emt 0:00:01]} O-O {[%emt 0:00:01]} 16. exd5 {[%emt 0:00:04]}
exd5 {[%emt 0:00:02]} 17. Rfe1 {[%emt 0:00:01]} Qd7 {[%emt 0:00:01]} 18. Nh4 {
[%emt 0:00:05]} Rfe8 {[%emt 0:00:14]} 19. Nf5 {[%emt 0:00:05]} Bf8 {[%emt 0:00:
09]} 20. Qf3 {[%emt 0:00:09]} Rxe1+ {[%emt 0:00:13]} 21. Rxe1 {[%emt 0:00:02]}
Rc8 {[%emt 0:00:02]} 22. Qg4 {[%emt 0:00:02]} Kh8 {[%emt 0:00:01]} 23. Re7 {
[%emt 0:00:20]} Qb5 {[%emt 0:00:01]} 24. h4 {[%emt 0:00:06]} Qb1+ {[%emt 0:00:
12]} 25. Kh2 {[%emt 0:00:02]} g6 {[%emt 0:00:07]} 26. Nh6 {[%emt 0:00:35]} f5 {
[%emt 0:00:06]} 27. Qe2 {[%emt 0:00:11]} Qb5 {[%emt 0:00:34]} 28. Qe5+ {[%emt
0:00:07] Sophie_Neveu rinde} 1-0

[Event "Villarobledo Online Qualifyer"]
[Site "playchess.com #155672"]
[Date "2009.05.23"]
[Round "10"]
[White "Von Herman"]
[Black "Acedrex"]
[Result "0-1"]
[WhiteElo "2265"]
[BlackElo "2177"]
[PlyCount "56"]
[EventDate "2009.05.23"]
[EventType "swiss (blitz)"]

1. d4 {[%emt 0:00:02]} Nf6 {[%emt 0:00:01]} 2. c4 {[%emt 0:00:01]} g6 {[%emt 0:
00:01]} 3. Nc3 {[%emt 0:00:01]} d5 {[%emt 0:00:00]} 4. cxd5 {[%emt 0:00:02]}
Nxd5 {[%emt 0:00:01]} 5. Bg5 {[%emt 0:00:01]} Bg7 {[%emt 0:00:05]} 6. Rc1 {
[%emt 0:00:01]} Nxc3 {[%emt 0:00:02]} 7. bxc3 {[%emt 0:00:01]} O-O {[%emt 0:00:
03]} 8. e3 {[%emt 0:00:01]} h6 {[%emt 0:00:05]} 9. Bh4 {[%emt 0:00:02]} c5 {
[%emt 0:00:02]} 10. Nf3 {[%emt 0:00:01]} Nc6 {[%emt 0:00:03]} 11. Be2 {[%emt 0:
00:01]} cxd4 {[%emt 0:00:02]} 12. cxd4 {[%emt 0:00:01]} Qa5+ {[%emt 0:00:01]}
13. Qd2 {[%emt 0:00:01]} Qxd2+ {[%emt 0:00:01]} 14. Kxd2 {[%emt 0:00:01]} g5 {
[%emt 0:00:04]} 15. Bg3 {[%emt 0:00:01]} Rd8 {[%emt 0:00:02]} 16. Kc3 {[%emt 0:
00:35]} Be6 {[%emt 0:00:09]} 17. Kb2 {[%emt 0:00:05]} Rac8 {[%emt 0:00:05]} 18.
Rhd1 {[%emt 0:00:08]} Bd5 {[%emt 0:00:01]} 19. h3 {[%emt 0:00:01]} f5 {[%emt 0:
00:23]} 20. Bc4 {[%emt 0:00:22]} e6 {[%emt 0:00:11]} 21. Bxd5 {[%emt 0:00:01]}
Rxd5 {[%emt 0:00:02]} 22. Rd2 {[%emt 0:00:10]} Rcd8 {[%emt 0:00:14]} 23. Kb1 {
[%emt 0:00:05]} e5 {[%emt 0:00:05]} 24. Rb2 {[%emt 0:00:07]} exd4 {[%emt 0:00:
04]} 25. Rxb7 {[%emt 0:00:07]} Na5 {[%emt 0:00:25]} 26. Rxa7 {[%emt 0:00:03]}
Rb5+ {[%emt 0:00:06]} 27. Kc2 {[%emt 0:00:04]} dxe3 {[%emt 0:00:07]} 28. fxe3 {
[%emt 0:00:14]} Rb2# {[%emt 0:00:02]} 0-1

[Event "Villarobledo Online Qualifyer"]
[Site "playchess.com #155672"]
[Date "2009.05.23"]
[Round "10"]
[White "Artur95"]
[Black "Unicorn"]
[Result "0-1"]
[WhiteElo "2418"]
[BlackElo "2571"]
[PlyCount "68"]
[EventDate "2009.05.23"]
[EventType "swiss (blitz)"]

1. e4 {[%emt 0:00:03] Artur95 ïðåäëàãàåò íè~~üo^} e6 {[%emt 0:00:02]} 2. d4 {
[%emt 0:00:01]} d5 {[%emt 0:00:02]} 3. Nc3 {[%emt 0:00:00]} Bb4 {[%emt 0:00:02]
} 4. e5 {[%emt 0:00:01]} c5 {[%emt 0:00:01]} 5. a3 {[%emt 0:00:02]} Bxc3+ {
[%emt 0:00:01]} 6. bxc3 {[%emt 0:00:00]} Ne7 {[%emt 0:00:01]} 7. Nf3 {[%emt 0:
00:02]} Nbc6 {[%emt 0:00:01]} 8. a4 {[%emt 0:00:02]} Qa5 {[%emt 0:00:01]} 9.
Qd2 {[%emt 0:00:01]} Bd7 {[%emt 0:00:02]} 10. Ba3 {[%emt 0:00:01]} cxd4 {[%emt
0:00:01]} 11. cxd4 {[%emt 0:00:02]} Qxd2+ {[%emt 0:00:00]} 12. Kxd2 {[%emt 0:
00:00]} Rc8 {[%emt 0:00:01]} 13. a5 {[%emt 0:00:12]} Nf5 {[%emt 0:00:03]} 14.
Bc5 {[%emt 0:00:05]} f6 {[%emt 0:00:24]} 15. g4 {[%emt 0:00:41]} Nh6 {[%emt 0:
00:14]} 16. g5 {[%emt 0:00:15]} fxg5 {[%emt 0:00:01]} 17. Nxg5 {[%emt 0:00:00]}
Nf7 {[%emt 0:00:01]} 18. Nxf7 {[%emt 0:00:05]} Kxf7 {[%emt 0:00:00]} 19. Bd3 {
[%emt 0:00:07]} Nxe5 {[%emt 0:00:02]} 20. Bxa7 {[%emt 0:00:14]} Nc4+ {[%emt 0:
00:14]} 21. Bxc4 {[%emt 0:00:02]} dxc4 {[%emt 0:00:00]} 22. Bc5 {[%emt 0:00:03]
} Bc6 {[%emt 0:00:01]} 23. Rhb1 {[%emt 0:00:02]} Rhd8 {[%emt 0:00:06]} 24. Ke3
{[%emt 0:00:05]} Rd5 {[%emt 0:00:06]} 25. f4 {[%emt 0:00:03]} Rh5 {[%emt 0:00:
02]} 26. a6 {[%emt 0:00:15]} bxa6 {[%emt 0:00:01]} 27. Rxa6 {[%emt 0:00:02]}
Rh3+ {[%emt 0:00:02]} 28. Kd2 {[%emt 0:00:01]} c3+ {[%emt 0:00:01]} 29. Ke1 {
[%emt 0:00:18]} Rxh2 {[%emt 0:00:02]} 30. Rbb6 {[%emt 0:00:01]} Bd5 {[%emt 0:
00:01]} 31. Ra7+ {[%emt 0:00:01]} Kg6 {[%emt 0:00:07]} 32. f5+ {[%emt 0:00:05]}
Kxf5 {[%emt 0:00:05]} 33. Rxg7 {[%emt 0:00:01]} Ra8 {[%emt 0:00:05]} 34. Rb1 {
[%emt 0:00:07]} Rh1+ {[%emt 0:00:01] Artur95 ñäàåòñÿ} 0-1

[Event "Villarobledo Online Qualifyer"]
[Site "playchess.com #155672"]
[Date "2009.05.23"]
[Round "10"]
[White "GMsKoRPioN"]
[Black "Tomik Trhal"]
[Result "0-1"]
[WhiteElo "2493"]
[BlackElo "2176"]
[PlyCount "30"]
[EventDate "2009.05.23"]
[EventType "swiss (blitz)"]

1. d4 {[%emt 0:00:03]} Nf6 {[%emt 0:00:05]} 2. c4 {[%emt 0:00:01]} e6 {[%emt 0:
00:02]} 3. Nc3 {[%emt 0:00:01]} d5 {[%emt 0:00:01]} 4. Nf3 {[%emt 0:00:03]} Bb4
{[%emt 0:00:00]} 5. Bg5 {[%emt 0:00:02]} O-O {[%emt 0:00:03]} 6. e3 {[%emt 0:
00:02]} h6 {[%emt 0:00:01]} 7. Bxf6 {[%emt 0:00:02]} Qxf6 {[%emt 0:00:02]} 8.
Be2 {[%emt 0:00:04]} b6 {[%emt 0:00:05]} 9. O-O {[%emt 0:00:03]} Bxc3 {[%emt 0:
00:01]} 10. bxc3 {[%emt 0:00:04]} dxc4 {[%emt 0:00:01]} 11. Ne5 {[%emt 0:00:04]
} Nd7 {[%emt 0:00:05]} 12. Bf3 {[%emt 0:00:05]} Rb8 {[%emt 0:00:19]} 13. Nc6 {
[%emt 0:00:02]} Ba6 {[%emt 0:00:04]} 14. Nxb8 {[%emt 0:00:02]} Rxb8 {[%emt 0:
00:02]} 15. e4 {[%emt 0:00:02]} Qg6 {[%emt 0:00:25] Tomik Trhal claims win on
disconnect Tomik Trhal claims win on disconnect Tomik Trhal claims flag 
(automatic).} 0-1

[Event "Villarobledo Online Qualifyer"]
[Site "playchess.com #155672"]
[Date "2009.05.23"]
[Round "10"]
[White "Kingsize"]
[Black "The great master"]
[Result "1-0"]
[WhiteElo "1465"]
[BlackElo "1451"]
[PlyCount "57"]
[EventDate "2009.05.23"]
[EventType "swiss (blitz)"]

1. e4 {[%emt 0:00:03]} c6 {[%emt 0:00:01]} 2. d4 {[%emt 0:00:02]} d5 {[%emt 0:
00:01]} 3. exd5 {[%emt 0:00:01]} cxd5 {[%emt 0:00:00]} 4. c4 {[%emt 0:00:01]}
Bf5 {[%emt 0:00:02]} 5. Nc3 {[%emt 0:00:01]} e6 {[%emt 0:00:01]} 6. Nf3 {[%emt
0:00:02]} Nf6 {[%emt 0:00:01]} 7. Be2 {[%emt 0:00:05]} Bb4 {[%emt 0:00:05]} 8.
O-O {[%emt 0:00:02]} O-O {[%emt 0:00:05]} 9. Be3 {[%emt 0:00:06]} a6 {[%emt 0:
00:07]} 10. a3 {[%emt 0:00:02]} Be7 {[%emt 0:00:04]} 11. c5 {[%emt 0:00:02]}
Nc6 {[%emt 0:00:03]} 12. b4 {[%emt 0:00:02]} Re8 {[%emt 0:00:08]} 13. h3 {
[%emt 0:00:02]} b6 {[%emt 0:00:03]} 14. Bd3 {[%emt 0:00:03]} Ne4 {[%emt 0:00:
08]} 15. Qc2 {[%emt 0:00:12]} bxc5 {[%emt 0:00:06]} 16. bxc5 {[%emt 0:00:03]}
Nxc3 {[%emt 0:00:21]} 17. Bxf5 {[%emt 0:00:09]} exf5 {[%emt 0:00:21]} 18. Qxc3
{[%emt 0:00:04]} Bf6 {[%emt 0:00:09]} 19. Rab1 {[%emt 0:00:07]} Na5 {[%emt 0:
00:09]} 20. Rb6 {[%emt 0:00:17]} Nc4 {[%emt 0:00:01]} 21. Rb7 {[%emt 0:00:01]}
Qc8 {[%emt 0:00:18]} 22. Rfb1 {[%emt 0:00:04]} Nxe3 {[%emt 0:00:04]} 23. fxe3 {
[%emt 0:00:02]} Qe6 {[%emt 0:00:05]} 24. Kf2 {[%emt 0:00:08]} g6 {[%emt 0:00:
28]} 25. R1b6 {[%emt 0:00:02]} Qe4 {[%emt 0:00:08]} 26. Rxf6 {[%emt 0:00:05]}
g5 {[%emt 0:00:08]} 27. Rfxf7 {[%emt 0:00:04]} g4 {[%emt 0:00:05]} 28. Rg7+ {
[%emt 0:00:05]} Kf8 {[%emt 0:00:04]} 29. Rbf7# {[%emt 0:00:03]} 1-0